000 00338nam a22001217a 4500
008 230704b xxu||||| |||| 00| 0 eng d
082 _a340.690
_bJAL 2004
245 _aJournal of African Law
260 _bSchool of Oriental and African Studies,University of London
_c2004
300 _a275p
440 _n2
_v48
_x02218553
942 _2ddc
_cBK
999 _c3674
_d3674